000 00612nam a2200217 a 4500
001 12952
003 CO-ViMGA
008 141112s2004 ck r 000 u spa d
020 _a8449500109
040 _aCO-ViMGA
_bspa
_cCO-ViMGA
082 0 4 _a860.4 B35b
100 1 _aQuevedo, Francisco de
_915103
245 1 0 _aEl Buscón
260 _aMadrid :
_bMateos,
_c1993
300 _a190p.
590 _aEjemplares : 2
650 1 4 _aEL BUSCON - ANALISIS LITERARIO
_918864
650 1 4 _aNOVELA ESPAÑOLA
_9488
650 1 4 _aQUEVEDO VILLEGAS FRANCISCO 1580 - 1645 CRITICA E INTERPRETACION
_918865
942 _2ddc
_cBK
999 _c23851
_d23851